000 00610nam a2200193Ia 4500
008 151119s9999||||xx |||||||||||||| ||und||
082 _a398.21
082 _bGKKV22038
100 _aरोकडे मनोहर
245 _aपशिच्म भारत लोकसंख्या
260 _a--
260 _b--
260 _c0
600 _aरोकडे मनोहर
630 _aपशिच्म भारत लोकसंख्या
700 _aरोकडे मनोहर
730 _aपशिच्म भारत लोकसंख्या
942 _cBOOK
999 _c1074793
_d1074790